Normal view
MARC view
- Richard, Baker C.
Entry Personal Name
001 - CONTROL NUMBER
- control field: 43053
003 - CONTROL NUMBER IDENTIFIER
- control field: OSt
005 - DATE AND TIME OF LATEST TRANSACTION
- control field: 20210407154542.0
008 - FIXED-LENGTH DATA ELEMENTS
- fixed length control field: 210407|| aca||aabn | a|a d
040 ## - CATALOGING SOURCE
- Original cataloging agency: OSt
- Transcribing agency: OSt
100 ## - HEADING--PERSONAL NAME
- Personal name: Richard, Baker C.
670 ## - SOURCE DATA FOUND
- Source citation: Work cat.: (OSt): Richard, Baker C. , The curious change in leadership at the IASB/, ©2011.
